| 000 | 00816nam a22002537a 4500 | ||
|---|---|---|---|
| 005 | 20241127112202.0 | ||
| 010 | _aENG-142645 | ||
| 020 |
_c290.00 _a9798187659739 |
||
| 020 | _a8187659734 | ||
| 035 | _aEN-126177 | ||
| 037 | _bDBAD | ||
| 082 |
_a591.003 _21 |
||
| 245 |
_aDictionary of Zoology/ _cEdited by Kamal Chaudhry; Suman Shankar [and] Shubham Ghai |
||
| 250 | _a1 | ||
| 260 |
_aNew Delhi _bChoice International |
||
| 270 |
_a484 D/S New Rajinder Nagar, _bNew Delhi _e110060 _k+91 9212013637 _mgalaxyindia999@gmail.com |
||
| 300 |
_a416p. _c21cm(pb) |
||
| 500 | _aThe Dictionary That You Can Trust | ||
| 650 |
_aZoology _974090 |
||
| 700 |
_aChaudhry, Kamal _974091 |
||
| 700 |
_aShankar, Suman _974092 |
||
| 700 |
_aGhai, Shubham _974093 |
||
| 942 |
_2ddc _cEN _h591.03 _mDIC |
||
| 999 |
_c207035 _d207035 |
||